Fast food nation : (Record no. 5059)

MARC details
000 -LEADER
fixed length control field 00973nac a22002411u 4500
010 ## - LIBRARY OF CONGRESS CONTROL NUMBER
LC control number 2001051914
020 ## - INTERNATIONAL STANDARD BOOK NUMBER
International Standard Book Number 006116139* (pbk.)
020 ## - INTERNATIONAL STANDARD BOOK NUMBER
International Standard Book Number 9780061161391 :
082 00 - DEWEY DECIMAL CLASSIFICATION NUMBER
Classification number 394.10973
Item number SCH
090 ## - LOCALLY ASSIGNED LC-TYPE CALL NUMBER (OCLC); LOCAL CALL NUMBER (OCLC)
-- 5059
-- 5059
100 ## - MAIN ENTRY--PERSONAL NAME
Personal name Schlosser, Eric.
245 10 - TITLE STATEMENT
Title Fast food nation :
Remainder of title the dark side of the all-American meal /
Statement of responsibility, etc Eric Schlosser ; [with a new afterword].
250 ## - EDITION STATEMENT
Edition statement 1st Harper Perennial ed.
260 ## - PUBLICATION, DISTRIBUTION, ETC. (IMPRINT)
Place of publication, distribution, etc New York, NY :
Name of publisher, distributor, etc Perennial,2005.
Date of publication, distribution, etc 2005.
300 ## - PHYSICAL DESCRIPTION
Extent 383 p.
Dimensions 21 cm.
500 ## - GENERAL NOTE
General note Originally published: New York : Houghton Mifflin, 2001.
504 ## - BIBLIOGRAPHY, ETC. NOTE
Bibliography, etc Includes bibliographical references (p. [356]-361) and index.
650 #0 - SUBJECT ADDED ENTRY--TOPICAL TERM
Topical term or geographic name as entry element Fast food restaurants
Geographic subdivision United States.
650 #0 - SUBJECT ADDED ENTRY--TOPICAL TERM
Topical term or geographic name as entry element Food industry and trade
Geographic subdivision United States.
650 #0 - SUBJECT ADDED ENTRY--TOPICAL TERM
Topical term or geographic name as entry element Convenience foods
Geographic subdivision United States.
856 42 - ELECTRONIC LOCATION AND ACCESS
Materials specified Publisher description
Uniform Resource Identifier <a href="http://www.loc.gov/catdir/description/hc043/2001051914.html">http://www.loc.gov/catdir/description/hc043/2001051914.html</a>
942 ## - ADDED ENTRY ELEMENTS (KOHA)
Item type Book - Borrowing
Call number prefix 394.10973SCH
Holdings
Withdrawn status Item status Damaged status Not for loan Home library Current library Shelving location Date acquired Source of acquisition Total Checkouts Full call number Barcode Date last seen Koha item type
        Central Library Central Library First floor 07/10/2011 Purchase   394.10973SCH 000006342 15/07/2025 Book - Borrowing